000 00392nam a2200133Ia 4500
008 211109s9999||||xx |||||||||||||| ||und||
082 _a894.812
_bACH-V
100 _aAchuthan, M
245 0 _aVolume title
260 _bState Institute of Languages
_aThiruvanathapuram
_c1994
630 _xPOST GRADUATE REFERENCE
650 _aMALAYALAM LITERATURE
_vMALAYALAM POETRYMalayalam
942 _cBOOK
999 _c52521
_d52521